000
00349nam a2200169Ia 4500
003
IT-RoPAU
008
120407s9999 xx 000 0 und d
040
_a
IT-RoPAU
040
_c
IT-RoPAU
245
2
_a
A la decouverte des sciences
245
_c
AA.VV.
250
_a
Paris
260
_a
Hachette
300
_c
cm
490
_v
1
942
_c
BK
999
_c
6699
_d
6699